000 00623nam a2200265Ia 4500
005 20260121114435.0
008 008 260114s9999 xx 000 0 eng d
020 _a9789354242656
037 _aEBOOK
040 _aCRL
040 _beng
040 _cCRL
041 _2eng
041 _aeng
084 _qCRL
100 _aLipson
_9975103
245 0 _aFabricated: The New World of 3D Printing
260 _bWiley
260 _c2021
650 _aTechnology
_9975104
856 _uhttps://ebooks.wileyindia.com/product-details/283305
942 _cEBOOK
999 _c1554166
_d1554166